[Event "Tessenderlo CC-ch 0708"]
[Site "Tessenderlo"]
[Date "2008.03.13"]
[Round "6"]
[White "De Wel, Herman"]
[Black "Smits, Francois"]
[Result "1-0"]
[WhiteElo "1881"]
[BlackElo "1559"]
[PlyCount "57"]
[EventDate "2007.10.25"]
[EventType "tourn"]
[EventRounds "9"]
[EventCountry "BEL"]
[SourceTitle "EXT 2010"]
[Source "ChessBase"]
[SourceDate "2010.11.25"]
[SourceVersion "1"]
[SourceVersionDate "2010.11.25"]
[SourceQuality "1"]

1. d4 d5 2. Nf3 Nc6 3. c4 e6 4. Nc3 Nf6 5. Bg5 Be7 6. e3 0-0 7. a3 a5 8. Qc2 b6 9. Nb5 Ne4 10. Bf4 Nd6 11. cxd5 Nxb5 12. Bxb5 Ra7 13. dxc6 Bf6 14. 0-0 Ba6 15. Bxa6 Rxa6 16. Qe2 Ra7 17. Rad1 Qd5 18. Qc2 Rd8 19. e4 Qh5 20. e5 Be7 21. h3 g5 22. Bg3 g4 23. hxg4 Qxg4 24. Rfe1 f5 25. exf6 Bxf6 26. Ne5 Bxe5 27. Bxe5 Rf8 28. Rd3 Qh5 29. Rh3 1-0

[Event "Tessenderlo CC-ch 0708"]
[Site "Tessenderlo"]
[Date "2007.11.29"]
[Round "3"]
[White "De Wel, Herman"]
[Black "Plu, Gustaaf"]
[Result "1-0"]
[WhiteElo "1893"]
[BlackElo "1669"]
[PlyCount "59"]
[EventDate "2007.10.25"]
[EventType "tourn"]
[EventRounds "9"]
[EventCountry "BEL"]
[SourceTitle "EXT 2010"]
[Source "ChessBase"]
[SourceDate "2010.11.25"]
[SourceVersion "1"]
[SourceVersionDate "2010.11.25"]
[SourceQuality "1"]

1. d4 d5 2. c4 c6 3. Nf3 Nf6 4. Nc3 dxc4 5. a4 Bf5 6. e3 h6 7. Bxc4 e6 8. 0-0 Bb4 9. Qb3 Qe7 10. Ne2 0-0 11. Bd2 Bd6 12. Ng3 Bg6 13. Ne5 Re8 14. Nxg6 fxg6 15. Be2 Kh7 16. Qd3 Nbd7 17. f4 c5 18. Bc3 cxd4 19. Bxd4 e5 20. Bc3 Nc5 21. Qc2 exf4 22. exf4 Bxf4 23. Rxf4 Qe3+ 24. Rf2 Nfe4 25. Nxe4 Nxe4 26. Raf1 Rac8 27. Bd3 Nxf2 28. Bxg6+ Kh8 29. Qxf2 Qg5 30. Bxg7+ 1-0

[Event "Limburg op g/60"]
[Site "Limburg"]
[Date "2007.03.21"]
[Round "6"]
[White "Claes, Jef"]
[Black "De Wel, Herman"]
[Result "1/2-1/2"]
[WhiteElo "1804"]
[BlackElo "1848"]
[PlyCount "124"]
[EventDate "2007.01.11"]
[EventType "swiss"]
[EventRounds "7"]
[EventCountry "BEL"]
[SourceTitle "EXT 2008"]
[Source "ChessBase"]
[SourceDate "2007.11.25"]
[SourceVersion "1"]
[SourceVersionDate "2007.11.25"]
[SourceQuality "1"]

1. d4 d5 2. c4 e6 3. Nc3 Nf6 4. Bg5 Be7 5. e3 Nbd7 6. Nf3 0-0 7. Bd3 h6 8. Bh4 dxc4 9. Bxc4 a6 10. 0-0 b5 11. Bd3 c5 12. Rc1 c4 13. Bb1 Bb7 14. a3 Nh7 15. Bxe7 Qxe7 16. Qc2 g6 17. e4 Ng5 18. Nxg5 Qxg5 19. f4 Qe7 20. Rcd1 f5 21. exf5 exf5 22. Rde1 Qf6 23. Qf2 Rae8 24. d5 Qd6 25. Rxe8 Rxe8 26. Qg3 Kh7 27. Rd1 Nf6 28. Qf3 Ng4 29. Rf1 Re3 30. Qd1 Re7 31. Qd4 Ne3 32. Re1 Nxd5 33. Re5 Rxe5 34. fxe5 Qb6 35. Ne2 Qxd4+ 36. Nxd4 Kg7 37. Ne6+ Kg8 38. g3 Bc8 39. Nf4 Nxf4 40. gxf4 g5 41. Kf2 Kf7 42. Ke3 Ke6 43. Bc2 Bb7 44. Bd1 Bc6 45. Be2 a5 46. a4 Bd7 47. axb5 Bxb5 48. b3 a4 49. bxa4 Bxa4 50. Bxc4+ Ke7 51. Bd3 Bd7 52. Kf3 Be6 53. Bb5 Kf7 54. Bc6 Kg6 55. Be8+ Bf7 56. Bd7 Bd5+ 57. Ke3 Be4 58. Be8+ Kg7 59. Bb5 Kf7 60. Bc4+ Ke7 61. Bb3 Kd7 62. Ba4+ Ke7 1/2-1/2

[Event "Limburg op g/60"]
[Site "Limburg"]
[Date "2007.02.20"]
[Round "4"]
[White "Lambert, Julien"]
[Black "De Wel, Herman"]
[Result "1-0"]
[WhiteElo "1804"]
[BlackElo "1848"]
[PlyCount "57"]
[EventDate "2007.01.11"]
[EventType "swiss"]
[EventRounds "7"]
[EventCountry "BEL"]
[SourceTitle "EXT 2008"]
[Source "ChessBase"]
[SourceDate "2007.11.25"]
[SourceVersion "1"]
[SourceVersionDate "2007.11.25"]
[SourceQuality "1"]

1. d4 d5 2. Nf3 Nf6 3. e3 e6 4. Bd3 b6 5. c3 Bb7 6. Ne5 Nbd7 7. f4 Be7 8. 0-0 c5 9. Nd2 Ne4 10. Qf3 Nxd2 11. Bxd2 g6 12. g4 f6 13. Qh3 Nxe5 14. fxe5 Kd7 15. Bb5+ Bc6 16. Bxc6+ Kxc6 17. exf6 Bxf6 18. e4 Be7 19. g5 Qd7 20. Rf7 Raf8 21. Raf1 dxe4 22. Be3 e5 23. Qxd7+ Kxd7 24. dxc5 Rxf7 25. Rxf7 Ke6 26. Rf1 Bxc5 27. Rf6+ Kd5 28. Kf2 Rf8 29. Bxc5 1-0

[Event "Tessenderlo CC-ch 0607"]
[Site "Tessenderlo"]
[Date "2007.02.08"]
[Round "6"]
[White "De Wel, Herman"]
[Black "Plu, Gustaaf"]
[Result "1-0"]
[WhiteElo "1848"]
[BlackElo "1625"]
[PlyCount "83"]
[EventDate "2006.09.21"]
[EventType "tourn"]
[EventRounds "11"]
[EventCountry "BEL"]
[SourceTitle "EXT 2008"]
[Source "ChessBase"]
[SourceDate "2007.11.25"]
[SourceVersion "1"]
[SourceVersionDate "2007.11.25"]
[SourceQuality "1"]

1. d4 d5 2. c4 e6 3. Nc3 Be7 4. Bf4 c6 5. e3 Nf6 6. Nf3 Nbd7 7. Qc2 Qa5 8. Be2 dxc4 9. Bxc4 b5 10. Bb3 Bb7 11. 0-0 0-0 12. a3 Rac8 13. Qe2 a6 14. Bc2 Rfe8 15. Ne5 Nf8 16. Rac1 Qb6 17. h3 c5 18. dxc5 Qxc5 19. Ng4 Nd5 20. Nxd5 Qxd5 21. e4 Qa2 22. Be5 Ng6 23. Bc3 Bg5 24. Ne3 e5 25. Rfd1 Bxe4 26. Ra1 Qxa1 27. Rxa1 Bxc2 28. Nxc2 Rc4 29. g3 f5 30. Ne3 Re4 31. Qd3 Bxe3 32. fxe3 Re6 33. Qd8+ Kf7 34. Qd7+ Ne7 35. Rf1 g6 36. Rf3 Rc4 37. Kg2 Rc5 38. Bb4 Rd5 39. Qb7 Rd3 40. e4 Rxf3 41. Kxf3 Kf6 42. Bxe7+ 1-0

[Event "Limburg op g/60"]
[Site "Limburg"]
[Date "2006.03.21"]
[Round "6"]
[White "Vermeulen, Peter"]
[Black "De Wel, Herman"]
[Result "0-1"]
[WhiteElo "1705"]
[BlackElo "1855"]
[PlyCount "126"]
[EventDate "2006.01.11"]
[EventType "swiss"]
[EventRounds "7"]
[EventCountry "BEL"]
[SourceTitle "EXT 2008"]
[Source "ChessBase"]
[SourceDate "2007.11.25"]
[SourceVersion "1"]
[SourceVersionDate "2007.11.25"]
[SourceQuality "1"]

1. d4 d5 2. Nf3 Nf6 3. e3 Bg4 4. Bd3 e6 5. Nbd2 c5 6. c3 Nc6 7. Qa4 c4 8. Bb1 Nd7 9. 0-0 a6 10. Re1 Be7 11. e4 b5 12. Qd1 0-0 13. e5 b4 14. h3 Bh5 15. Nf1 bxc3 16. bxc3 Qa5 17. Bd2 Rab8 18. g4 Bg6 19. Bxg6 fxg6 20. Kg2 Ba3 21. Ng5 Nd8 22. Rb1 Rxb1 23. Qxb1 Qb6 24. Qc2 Be7 25. Rb1 Qa7 26. Nf3 Nf7 27. Be3 Rb8 28. N1d2 Rxb1 29. Qxb1 Qb6 30. Kg3 Qxb1 31. Nxb1 Nb6 32. h4 Na4 33. Bc1 Bd8 34. Ng1 g5 35. h5 h6 36. Ba3 Kh7 37. Ne2 Ba5 38. Bb4 Bc7 39. Ba3 Kg8 40. f3 Nd8 41. Kf2 Kf7 42. Ke3 Nc6 43. Kd2 Ba5 44. Kc2 g6 45. hxg6+ Kxg6 46. Ng3 Na7 47. Bc1 Nb5 48. Ne2 h5 49. gxh5+ Kxh5 50. Kd2 Nb6 51. Kc2 Nc8 52. Be3 Ne7 53. Kb2 Nf5 54. Bf2 Nh4 55. a4 Na7 56. Nd2 Ng2 57. Nb1 Nc6 58. Nd2 Bb6 59. Nb1 Nxe5 60. dxe5 Bxf2 61. Nd4 Nf4 62. Kc2 Bxd4 63. cxd4 Ne2 0-1

[Event "Limburg op g/60"]
[Site "Limburg"]
[Date "2006.01.11"]
[Round "1"]
[White "De Wel, Herman"]
[Black "Laleman, Manu"]
[Result "1-0"]
[WhiteElo "1855"]
[BlackElo "1647"]
[PlyCount "69"]
[EventDate "2006.01.11"]
[EventType "swiss"]
[EventRounds "7"]
[EventCountry "BEL"]
[SourceTitle "EXT 2008"]
[Source "ChessBase"]
[SourceDate "2007.11.25"]
[SourceVersion "1"]
[SourceVersionDate "2007.11.25"]
[SourceQuality "1"]

1. d4 Nf6 2. c4 d6 3. Nc3 g6 4. e4 Bg7 5. Be2 Nbd7 6. Be3 c5 7. Qd2 cxd4 8. Bxd4 0-0 9. Nf3 Nc5 10. Qc2 b6 11. 0-0 Bb7 12. e5 Be4 13. Nxe4 Nfxe4 14. b4 dxe5 15. Be3 Nd7 16. Qxe4 e6 17. Rad1 Qc7 18. Qc2 Nf6 19. h3 Nh5 20. c5 Nf4 21. Ba6 bxc5 22. Qxc5 Qb8 23. Bxf4 exf4 24. Rd7 Re8 25. Bb7 Bf8 26. Qc6 Bxb4 27. Bxa8 Qxa8 28. Qxa8 Rxa8 29. Rb1 Bc3 30. Rbb7 a5 31. Rxf7 e5 32. Rg7+ Kf8 33. Ng5 e4 34. Nxh7+ Ke8 35. Rg8# 1-0

[Event "Limburg op g/60"]
[Site "Limburg"]
[Date "2004.03.23"]
[Round "6"]
[White "Vermeulen, Peter"]
[Black "De Wel, Herman"]
[Result "0-1"]
[WhiteElo "1735"]
[BlackElo "1922"]
[PlyCount "90"]
[EventDate "2004.01.??"]
[EventType "swiss"]
[EventRounds "7"]
[EventCountry "BEL"]
[SourceTitle "EXT 2006"]
[Source "ChessBase"]
[SourceDate "2005.11.24"]
[SourceVersion "1"]
[SourceVersionDate "2005.11.24"]
[SourceQuality "1"]

1. d4 d5 2. Nf3 Nf6 3. Bf4 c5 4. c3 cxd4 5. cxd4 Nc6 6. e3 Bf5 7. Bb5 Qa5+ 8. Nc3 Rc8 9. a3 a6 10. b4 Qd8 11. Bxc6+ Rxc6 12. Rc1 Qc8 13. Na2 Bg4 14. 0-0 Nh5 15. Bg3 Nxg3 16. hxg3 e6 17. Rxc6 Qxc6 18. Qd2 Bd6 19. Rc1 Qd7 20. Ng5 0-0 21. Qe1 h6 22. Nh3 Rc8 23. Kh2 Rc4 24. Rxc4 dxc4 25. Ng1 Qa4 26. Qc1 Qb3 27. Nc3 a5 28. f3 Bf5 29. e4 Bg6 30. Nb5 Be7 31. Qc3 axb4 32. axb4 Bxb4 33. Qa1 c3 34. Ne2 Qb2 35. Qc1 Qxe2 36. Nxc3 Qc4 37. Ne2 Qxe2 38. Qc8+ Bf8 39. Qxb7 Qc4 40. d5 exd5 41. exd5 Qc5 42. Qd7 f6 43. Kh3 Bf7 44. f4 Qxd5 45. Qc8 Be6+ 0-1

[Event "Limburg op g/60"]
[Site "Limburg"]
[Date "2004.01.27"]
[Round "2"]
[White "De Wel, Herman"]
[Black "Conte, Fortunato"]
[Result "1-0"]
[WhiteElo "1922"]
[BlackElo "1480"]
[PlyCount "73"]
[EventDate "2004.01.??"]
[EventType "swiss"]
[EventRounds "7"]
[EventCountry "BEL"]
[SourceTitle "EXT 2006"]
[Source "ChessBase"]
[SourceDate "2005.11.24"]
[SourceVersion "1"]
[SourceVersionDate "2005.11.24"]
[SourceQuality "1"]

1. d4 d5 2. Nf3 e6 3. c4 Nf6 4. Nc3 Be7 5. Bf4 b6 6. e3 0-0 7. Bd3 Ba6 8. Ne5 Bd6 9. b3 Bb7 10. 0-0 c6 11. Bg5 Nbd7 12. f4 Qc7 13. Rc1 Rac8 14. Bh4 c5 15. Nb5 Qb8 16. Bg3 a6 17. Nxd6 Qxd6 18. f5 Qe7 19. Qe2 Nxe5 20. dxe5 Ne8 21. f6 Qd8 22. fxg7 Nxg7 23. Rf6 dxc4 24. Bxc4 Be4 25. Rd1 Qc7 26. Bd3 Bg6 27. Bxg6 fxg6 28. Qg4 Rcd8 29. Rxf8+ Rxf8 30. Bf4 Rd8 31. h3 Rxd1+ 32. Qxd1 Nf5 33. g4 Ne7 34. Qf3 Qc6 35. Qf2 Qb7 36. Bh6 Nd5 37. Qf8# 1-0

[Event "Tessenderlo CC-ch"]
[Site "Tessenderlo"]
[Date "2004.??.??"]
[Round "10"]
[White "De Wel, Herman"]
[Black "Burger, Stefaan"]
[Result "1/2-1/2"]
[WhiteElo "1885"]
[BlackElo "1880"]
[PlyCount "93"]
[EventDate "2004.??.??"]
[EventType "tourn"]
[EventRounds "15"]
[EventCountry "BEL"]
[SourceTitle "EXT 2007"]
[Source "ChessBase"]
[SourceDate "2006.11.23"]
[SourceVersion "1"]
[SourceVersionDate "2006.11.23"]
[SourceQuality "1"]

1. d4 Nf6 2. c4 g6 3. Nc3 Bg7 4. e4 d6 5. Be2 0-0 6. Bg5 c5 7. d5 h6 8. Be3 e6 9. Qd2 Kh7 10. h3 exd5 11. exd5 a6 12. a4 Re8 13. Nf3 Bf5 14. 0-0 Nbd7 15. Bd3 Ne4 16. Nxe4 Bxe4 17. Bxe4 Rxe4 18. Rfe1 Rxc4 19. Ra2 b5 20. b3 Re4 21. Qd3 Rb4 22. Bd2 c4 23. bxc4 Rxc4 24. axb5 axb5 25. Rxa8 Qxa8 26. Re7 Nc5 27. Qb1 Qxd5 28. Qxb5 Re4 29. Qe8 Rxe7 30. Qxe7 Qe6 31. Qh4 Ne4 32. Be3 d5 33. Nd4 Qf6 34. Qxf6 Bxf6 35. Ne2 Nc3 36. Kf1 Nxe2 37. Kxe2 h5 38. Kd3 Kg7 39. Bd4 Bxd4 40. Kxd4 Kf6 41. Kxd5 Kf5 42. Kd4 Kf4 43. Kd3 h4 44. Kd2 g5 45. Ke1 Ke5 46. f3 Kf4 47. Kf2 1/2-1/2

[Event "Tessenderlo CC-ch"]
[Site "Tessenderlo"]
[Date "2003.10.02"]
[Round "2"]
[White "Kiers, Pieter"]
[Black "De Wel, Herman"]
[Result "0-1"]
[WhiteElo "1710"]
[BlackElo "1922"]
[PlyCount "90"]
[EventDate "2003.??.??"]
[EventType "swiss"]
[EventRounds "9"]
[EventCountry "BEL"]
[SourceTitle "EXT 2005"]
[Source "ChessBase"]
[SourceDate "2004.11.15"]
[SourceVersion "1"]
[SourceVersionDate "2004.11.15"]
[SourceQuality "1"]

1. e4 c5 2. Nf3 e6 3. d4 cxd4 4. Nxd4 a6 5. Be3 Nf6 6. Bd3 Bb4+ 7. c3 Be7 8. 0-0 b5 9. Nd2 Bb7 10. Qc2 d6 11. h3 Nbd7 12. f3 0-0 13. Rad1 Rc8 14. Qb1 h6 15. Rf2 d5 16. N4b3 Qc7 17. Nf1 Bd6 18. Nbd2 Nc5 19. exd5 Nxd5 20. Ne4 Nxe4 21. Bxe4 f5 22. Bxd5 Bxd5 23. Rfd2 Rcd8 24. Bf2 f4 25. Bd4 Qf7 26. Re1 Qh5 27. Nh2 Qg5 28. Qd1 h5 29. b3 Bc7 30. Ree2 Rf7 31. Qe1 Rfd7 32. Be5 Bb6+ 33. Bd4 Bxd4+ 34. Rxd4 Qf6 35. Red2 Bc6 36. Rxd7 Rxd7 37. Rxd7 Bxd7 38. Nf1 e5 39. Nd2 Bf5 40. Ne4 Qg6 41. Nf2 Qd6 42. Ne4 Qb6+ 43. Qf2 Qc6 44. Qc5 Bxe4 45. Qxc6 Bxc6 0-1

[Event "Tessenderlo CC-ch"]
[Site "Tessenderlo"]
[Date "2003.06.19"]
[Round "7"]
[White "De Wel, Herman"]
[Black "Gruyaert, Koen"]
[Result "0-1"]
[WhiteElo "1940"]
[BlackElo "1696"]
[PlyCount "62"]
[EventDate "2003.??.??"]
[EventType "swiss"]
[EventRounds "9"]
[EventCountry "BEL"]
[SourceTitle "EXT 2005"]
[Source "ChessBase"]
[SourceDate "2004.11.15"]
[SourceVersion "1"]
[SourceVersionDate "2004.11.15"]
[SourceQuality "1"]

1. d4 d5 2. Nf3 g6 3. Bf4 Bg7 4. e3 Nd7 5. c4 Ngf6 6. Nc3 Nb6 7. cxd5 Nbxd5 8. Be5 c6 9. a3 0-0 10. Bd3 Qb6 11. Qc2 Nxc3 12. bxc3 Qa5 13. 0-0 Bd7 14. Rfb1 b5 15. a4 Qb6 16. c4 b4 17. a5 Qd8 18. Rxb4 c5 19. Rb2 cxd4 20. exd4 Nh5 21. Bxg7 Nxg7 22. a6 Rc8 23. Rb7 Bc6 24. Rxa7 Bxf3 25. gxf3 Qxd4 26. Rc1 Qxa7 27. c5 Ne6 28. c6 Nd4 29. Qb2 Rxc6 30. Rxc6 Nxc6 31. Be4 Qxa6 0-1

[Event "Tessenderlo CC-ch"]
[Site "Tessenderlo"]
[Date "2002.09.26"]
[Round "1"]
[White "De Wel, Herman"]
[Black "Aerts, Jimmy"]
[Result "1-0"]
[WhiteElo "1966"]
[BlackElo "1516"]
[PlyCount "65"]
[EventDate "2002.??.??"]
[EventType "swiss"]
[EventRounds "9"]
[EventCountry "BEL"]
[SourceTitle "EXT 2006"]
[Source "ChessBase"]
[SourceDate "2005.11.24"]
[SourceVersion "1"]
[SourceVersionDate "2005.11.24"]
[SourceQuality "1"]

1. d4 d5 2. Nf3 Nf6 3. e3 Bf5 4. Bb5+ Bd7 5. Bd3 Nc6 6. c3 e6 7. 0-0 Bd6 8. Nbd2 0-0 9. e4 dxe4 10. Nxe4 Nxe4 11. Bxe4 Be7 12. Qc2 h6 13. Be3 Rb8 14. Rad1 Bd6 15. c4 Nb4 16. Qd2 f5 17. Bb1 Nc6 18. c5 Be7 19. d5 exd5 20. Qxd5+ Kh8 21. Qxd7 Qxd7 22. Rxd7 Bf6 23. b3 Ne5 24. Nxe5 Bxe5 25. Rfd1 Kg8 26. f4 Bf6 27. Bxf5 Rbd8 28. Be6+ Kh8 29. f5 Rxd7 30. Rxd7 Rd8 31. Rxc7 Rd3 32. Rxb7 Rxe3 33. Rb8+ 1-0

[Event "Tessenderlo CC-ch"]
[Site "Tessenderlo"]
[Date "2002.02.21"]
[Round "4"]
[White "Ulburghs, Piet"]
[Black "De Wel, Herman"]
[Result "0-1"]
[WhiteElo "1642"]
[BlackElo "1966"]
[PlyCount "74"]
[EventDate "2002.??.??"]
[EventType "swiss"]
[EventRounds "9"]
[EventCountry "BEL"]
[SourceTitle "EXT 2006"]
[Source "ChessBase"]
[SourceDate "2005.11.24"]
[SourceVersion "1"]
[SourceVersionDate "2005.11.24"]
[SourceQuality "1"]

1. c4 f5 2. Nc3 Nf6 3. d4 g6 4. g3 Bg7 5. Bg2 0-0 6. Bg5 d6 7. Nf3 c6 8. 0-0 Qe8 9. Qb3 Nbd7 10. Rad1 a6 11. a4 Kh8 12. a5 e5 13. dxe5 dxe5 14. Be3 Ng4 15. Bb6 Nxb6 16. Qxb6 e4 17. Nd4 Ne5 18. Qb4 Qf7 19. b3 Re8 20. Na4 Bf8 21. c5 Be6 22. f3 exf3 23. exf3 Bd5 24. Nb6 Rad8 25. Nxd5 cxd5 26. Qc3 Bg7 27. Rfe1 Nc6 28. Kf2 Rxe1 29. Kxe1 Qf6 30. Kf2 Nxd4 31. Qb4 Ne6 32. Qb6 Qb2+ 33. Kf1 Re8 34. Re1 Bd4 35. Re2 Qb1+ 36. Re1 Qd3+ 37. Re2 Ng7 0-1

[Event "Tessenderlo CC-ch"]
[Site "Tessenderlo"]
[Date "2001.10.04"]
[Round "1"]
[White "Aerts, Jimmy"]
[Black "De Wel, Herman"]
[Result "1/2-1/2"]
[WhiteElo "1675"]
[BlackElo "1966"]
[PlyCount "86"]
[EventDate "2001.10.04"]
[EventType "swiss"]
[EventRounds "7"]
[EventCountry "BEL"]
[SourceTitle "EXT 2006"]
[Source "ChessBase"]
[SourceDate "2005.11.24"]
[SourceVersion "1"]
[SourceVersionDate "2005.11.24"]
[SourceQuality "1"]

1. d4 Nf6 2. c4 e6 3. Nf3 d5 4. Nc3 Nbd7 5. Bg5 Be7 6. e3 0-0 7. Qc2 c6 8. Be2 Bd6 9. h4 Re8 10. 0-0-0 Be7 11. Nd2 e5 12. dxe5 Nxe5 13. f3 Be6 14. g4 Qb6 15. Bxf6 Bxf6 16. g5 Be7 17. cxd5 cxd5 18. f4 Nc6 19. f5 Nb4 20. Qb1 Bd7 21. Nf1 Bc5 22. a3 Bxe3+ 23. Nxe3 Qxe3+ 24. Rd2 d4 25. axb4 Rac8 26. Qd3 dxc3 27. Qxe3 Rxe3 28. Rxd7 Rxe2 29. bxc3 Rxc3+ 30. Kd1 Re8 31. Rxb7 Rb3 32. Kc2 Rf3 33. Rxa7 Rxf5 34. Kb3 g6 35. Ka4 Kg7 36. b5 Rf4+ 37. Ka5 h6 38. gxh6+ Kxh6 39. b6 Rf5+ 40. Ka6 Ra5+ 41. Kb7 Re7+ 42. Kb8 Re8+ 43. Kb7 Re7+ 1/2-1/2

[Event "Leander Laruelle CC-ch"]
[Site "Leander Laruelle"]
[Date "2001.01.18"]
[Round "5"]
[White "Smits, Francois"]
[Black "De Wel, Herman"]
[Result "0-1"]
[WhiteElo "1698"]
[BlackElo "1979"]
[PlyCount "74"]
[EventDate "2001.??.??"]
[EventType "tourn"]
[EventRounds "9"]
[EventCountry "BEL"]
[SourceTitle "EXT 2005"]
[Source "ChessBase"]
[SourceDate "2004.11.15"]
[SourceVersion "1"]
[SourceVersionDate "2004.11.15"]
[SourceQuality "1"]

1. e4 c5 2. Bc4 e6 3. Nc3 a6 4. a4 Nc6 5. Nf3 d6 6. 0-0 Be7 7. d4 cxd4 8. Nxd4 Nf6 9. Nxc6 bxc6 10. Re1 e5 11. b3 0-0 12. f3 h6 13. Kh1 Kh8 14. Bd3 Qa5 15. Bd2 Qc5 16. Bc4 Nh7 17. Bd3 Bh4 18. Re2 Bg5 19. Bxg5 Nxg5 20. Qe1 Be6 21. Nd1 Qd4 22. Rb1 f6 23. Rd2 Qb4 24. Ne3 d5 25. Qd1 Rfd8 26. exd5 cxd5 27. Qe2 e4 28. Bxa6 exf3 29. gxf3 Nxf3 30. Rdd1 Ne5 31. Bb5 Qe4+ 32. Ng2 Bf5 33. Rbc1 Rac8 34. Qf2 Ng4 35. Qd2 Rxc2 36. Rxc2 Qxc2 37. Qe1 Nf2+ 0-1

[Event "Leander Laruelle CC-ch"]
[Site "Leander Laruelle"]
[Date "2000.03.16"]
[Round "9"]
[White "Laruelle, Leander"]
[Black "De Wel, Herman"]
[Result "1/2-1/2"]
[WhiteElo "1772"]
[BlackElo "1976"]
[PlyCount "81"]
[EventDate "2000.??.??"]
[EventType "tourn"]
[EventRounds "11"]
[EventCountry "BEL"]
[SourceTitle "EXT 2004"]
[Source "ChessBase"]
[SourceDate "2003.11.25"]
[SourceVersion "1"]
[SourceVersionDate "2003.11.25"]
[SourceQuality "1"]

1. c4 Nf6 2. g3 d5 3. cxd5 Qxd5 4. Nf3 c5 5. Nc3 Qd8 6. Bg2 Nc6 7. 0-0 e6 8. d3 Be7 9. Be3 Bd7 10. Na4 b6 11. Nc3 0-0 12. b3 Rc8 13. Rc1 Ng4 14. d4 cxd4 15. Bxd4 e5 16. Be3 Nxe3 17. fxe3 Bc5 18. Qd3 Be6 19. Qxd8 Bxe3+ 20. Kh1 Rfxd8 21. Rcd1 Nd4 22. Rd3 Nf5 23. Rxd8+ Rxd8 24. Nxe5 a5 25. Be4 Ne7 26. Rd1 Rxd1+ 27. Nxd1 Bd4 28. Nf3 Bc5 29. Nc3 f5 30. Bd3 h6 31. e4 g5 32. Kg2 Kg7 33. Nd2 Bb4 34. Ncb1 fxe4 35. Bxe4 Nd5 36. Kf3 Nc3 37. Nxc3 Bxc3 38. Nc4 Bd4 39. Ne3 Kf6 40. Ng4+ Kg7 41. Ne3 1/2-1/2

[Event "Leander Laruelle CC-ch"]
[Site "Leander Laruelle"]
[Date "2000.03.02"]
[Round "8"]
[White "De Wel, Herman"]
[Black "Poels, Georges"]
[Result "1-0"]
[WhiteElo "1976"]
[BlackElo "1594"]
[PlyCount "77"]
[EventDate "2000.??.??"]
[EventType "tourn"]
[EventRounds "11"]
[EventCountry "BEL"]
[SourceTitle "EXT 2004"]
[Source "ChessBase"]
[SourceDate "2003.11.25"]
[SourceVersion "1"]
[SourceVersionDate "2003.11.25"]
[SourceQuality "1"]

1. d4 Nf6 2. c4 e6 3. Nf3 b6 4. a3 Bb7 5. Nc3 d5 6. Qc2 dxc4 7. e4 c5 8. dxc5 Bxc5 9. Bxc4 0-0 10. Bg5 Be7 11. Qe2 Nbd7 12. 0-0 Rc8 13. Rac1 Nc5 14. Rfd1 Qe8 15. e5 Ng4 16. Bf4 Nh6 17. Bxh6 gxh6 18. Rd4 Rd8 19. Bb5 Bc6 20. Rg4+ Kh8 21. Bxc6 Qxc6 22. Ne4 Qa4 23. h3 Qa6 24. Qe3 Nxe4 25. Rxe4 Qd3 26. Qxd3 Rxd3 27. Rc7 Rg8 28. Rxe7 Rxf3 29. Kf1 Rb3 30. Re2 Rc8 31. g3 Rc1+ 32. Kg2 Kg8 33. Rxa7 Rb1 34. Re4 h5 35. Rf4 Rb5 36. Rfxf7 Rxe5 37. Rg7+ Kf8 38. Rxh7 Rg5 39. Rh8+ 1-0

[Event "Leander Laruelle CC-ch"]
[Site "Leander Laruelle"]
[Date "1999.09.23"]
[Round "1"]
[White "Van Kerckhoven, Kris"]
[Black "De Wel, Herman"]
[Result "0-1"]
[WhiteElo "1276"]
[BlackElo "1976"]
[PlyCount "58"]
[EventDate "2000.??.??"]
[EventType "tourn"]
[EventRounds "11"]
[EventCountry "BEL"]
[SourceTitle "EXT 2004"]
[Source "ChessBase"]
[SourceDate "2003.11.25"]
[SourceVersion "1"]
[SourceVersionDate "2003.11.25"]
[SourceQuality "1"]

1. e4 c5 2. Nf3 e6 3. d4 cxd4 4. Nxd4 a6 5. Be2 Nf6 6. Nc3 Bb4 7. Bd2 Bxc3 8. Bxc3 Nxe4 9. Qd3 Nxc3 10. Qxc3 0-0 11. 0-0 Nc6 12. Nxc6 bxc6 13. a4 Bb7 14. a5 Rb8 15. b4 Qg5 16. Qd3 Rfd8 17. c3 c5 18. f3 Rbc8 19. Qd6 Qe3+ 20. Rf2 Qxc3 21. Rb1 cxb4 22. Rxb4 Qc1+ 23. Bf1 Bc6 24. Rc4 Qe1 25. Qa3 Bb5 26. Re4 Qc1 27. Qb2 Qxb2 28. Rxb2 Rc1 29. Kf2 Rxf1+ 0-1

[Event "Leander Laruelle CC-ch"]
[Site "Leander Laruelle"]
[Date "1999.09.09"]
[Round "1"]
[White "De Wel, Herman"]
[Black "Claes, Jozef"]
[Result "1-0"]
[WhiteElo "1976"]
[BlackElo "1898"]
[PlyCount "146"]
[EventDate "2000.??.??"]
[EventType "tourn"]
[EventRounds "11"]
[EventCountry "BEL"]
[SourceTitle "EXT 2004"]
[Source "ChessBase"]
[SourceDate "2003.11.25"]
[SourceVersion "1"]
[SourceVersionDate "2003.11.25"]
[SourceQuality "1"]

1. d4 Nf6 2. c4 g6 3. Nc3 Bg7 4. e4 d6 5. Be2 0-0 6. Bg5 c5 7. d5 a6 8. Qd2 Re8 9. Nf3 Bg4 10. 0-0 Nbd7 11. h3 Bxf3 12. Bxf3 Ne5 13. Be2 h5 14. f4 Ned7 15. Bh4 Nh7 16. g4 Bd4+ 17. Bf2 Bxf2+ 18. Rxf2 hxg4 19. hxg4 Kg7 20. Rh2 Rh8 21. Kg2 Qc7 22. Rah1 Nhf6 23. g5 Rxh2+ 24. Rxh2 Nh7 25. Nd1 Rh8 26. Qc3+ Kg8 27. Ne3 e5 28. dxe6 fxe6 29. Bg4 Ndf8 30. Bf3 d5 31. Ng4 d4 32. Qd2 Kg7 33. Nh6 Qe7 34. Ng4 Nd7 35. e5 Nb6 36. b3 Nf8 37. Kg3 Nh7 38. Be4 Nd7 39. Qd3 Nhf8 40. Rxh8 Kxh8 41. Bxg6 Nxg6 42. Qxg6 Nf8 43. Qh6+ Nh7 44. g6 Qg7 45. Qxh7+ Qxh7 46. gxh7 Kxh7 47. Kf3 Kg6 48. Ke4 b5 49. cxb5 axb5 50. a4 c4 51. bxc4 bxa4 52. c5 a3 53. c6 a2 54. c7 a1Q 55. c8Q Qh1+ 56. Kxd4 Qd1+ 57. Ke4 Qd5+ 58. Ke3 Qb3+ 59. Kd2 Kf5 60. Ne3+ Kxf4 61. Qc4+ Qxc4 62. Nxc4 Ke4 63. Kc3 Kd5 64. Kd3 Kc5 65. Ne3 Kb5 66. Kd4 Kc6 67. Kc4 Kb6 68. Nc2 Kc6 69. Nd4+ Kd7 70. Kc5 Ke7 71. Kc6 Kd8 72. Kd6 Ke8 73. Kxe6 Kf8 1-0